000 00536nam a2200193Ia 4500
999 _c14833
_d14833
003 OSt
005 20230905142809.0
008 190216s9999||||xx |||||||||||||| ||und||
020 _a9788129115300
040 _coclc
082 _a823.92
_bBHA/S
100 _aBhagat, Chetan
_96028
245 0 _a2 States The Story Of My Marriage /
_cChetan Bhagat
250 _a1st Ed:
260 _bRupa & Co,
_c2009,
_aNew delhi:
300 _a269p
650 _aEnglish
942 _cBK
_2ddc
_h823.92
_iBHA/S
_k823.92
_mBHA/S